000
00333 a2200157 4500
001
50075
020
_a
040
_c
Anchieta - Bela Vista
100
_a
Rede Nacional Primeiro Infância
240
1
0
_a
Deixa eu falar!
_l
por
245
1
0
_a
Deixa eu falar!
300
_a
32
362
0
_a
2011
650
4
_a
Educação
942
_c
BK
999
_c
50075
_d
50075